Statistics for Family Songs

Click here to take the quiz!

General Stats

  • This quiz has been taken 22 times
  • The average score is 8 of 15

Answer Stats

Artist (Year)HintSong% Correct
Abba (1975)Mamma ___Mamma Mia
84%
Madonna (1986)Papa ____ ______Papa Don't Preach
84%
Rolling Stones (1966)Mother's ______ ______Mother's Little Helper
79%
CCR (1969)_________ SonFortunate Son
74%
The Temptations (1972)Papa ___ _ _______ _____Papa Was A Rolling Stone
68%
The Hollies (1969)__ ___ _____, ___ __ BrotherHe Ain't Heavy, He's My Brother
63%
Paul & Linda McCartney (1971)Uncle ______ / _______ ______Uncle Albert / Admiral Halsey
63%
Dr Hook & the Medicine Show (1972)______'s MotherSylvia's Mother
53%
Cat Stevens (1970)Father ___ ___Father And Son
47%
Elmo & Patsy (1979)Grandma ___ ___ ____ __ _ ________Grandma Got Run Over By A Reindeer
47%
Train (2009)___ ____ SisterHey, Soul Sister
47%
America (1975)Sister ______ ____Sister Golden Hair
47%
Bing Crosby (1930s)Brother ___ ___ _____ _ ____Brother Can You Spare A Dime
37%
Stories (1973)Brother _____Brother Louie
26%
Grateful Dead (1970)Uncle ____'_ ____Uncle John's Band
16%

Score Distribution

Percentile by Number Answered

Percent of People with Each Score

Your Score History

You have not taken this quiz